Catálogo público

Análisis de la cadena agroalimentaria con denominación de origen en Chiapas : (Record no. 217653)

MARC details
000 -CABECERA
campo de control de longitud fija 05743nam a2200481 a 4500
003 - IDENTIFICADOR DEL NÚMERO DE CONTROL
campo de control CHAP
005 - FECHA Y HORA DE LA ÚLTIMA TRANSACCIÓN
campo de control 20240618114117.0
007 - CAMPO FIJO DE DESCRIPCIÓN FÍSICA--INFORMACIÓN GENERAL
campo de control de longitud fija ta
008 - DATOS DE LONGITUD FIJA--INFORMACIÓN GENERAL
campo de control de longitud fija 220906s2019 mx adb|frm||| 001 0 spa d
040 ## - FUENTE DE LA CATALOGACIÓN
Centro catalogador/agencia de origen mxchpua
Centro/agencia transcriptor CHAP
Normas de descripción rda
041 0# - CÓDIGO DE LENGUA
Código de lengua del texto/banda sonora o título independiente spa
Código de lengua del sumario o resumen eng
090 ## - LOCALMENTE ASIGNADO TIPO-LC NÚMERO DE CLASIFICACIÓN (OCLC); NÚMERO DE CLASIFICACIÓN LOCAL (RLIN)
Número de clasificación (OCLC) (R) ; Numero de clasificación, CALL (RLIN) (NR) Tesis
Número cutter local (OCLC) ; Número de libro/Signatura topográfica íntegra, CALL (RLIN) R637
año 2019
100 1# - ENTRADA PRINCIPAL--NOMBRE DE PERSONA
Nombre de persona Rodríquez Pérez, Alvin Alejandro
245 10 - MENCIÓN DE TÍTULO
Título Análisis de la cadena agroalimentaria con denominación de origen en Chiapas :
Resto del título caso café /
Mención de responsabilidad, etc. Alvin Alejandro Rodríguez Pérez
264 ## - PRODUCCIÓN, PUBLICACIÓN, DISTRIBUCIÓN, FABRICACIÓN Y COPYRIGHT
Producción, publicación, distribución, fabricación y copyright Chapingo, México :
Nombre del de productor, editor, distribuidor, fabricante El autor,
Fecha de producción, publicación, distribución, fabricación o copyright 2019
300 ## - DESCRIPCIÓN FÍSICA
Extensión xiii, 104 hojas :
Otras características físicas ilustraciones, mapas, gráficas +
Material acompañante/anejo 1 CD-ROM
336 ## - TIPO DE CONTENIDO
Fuente rdacontent
Término de tipo de contenido texto
Código de tipo de contenido txt
337 ## - TIPO DE MEDIO
Fuente rdamedia
Nombre/término del tipo de medio no mediado
Código del tipo de medio n
338 ## - TIPO DE SOPORTE
Fuente rdacarrier
Nombre/término del tipo de soporte volumen
Código del tipo de soporte nc
502 ## - NOTA DE TESIS
Nota de tesis Tesis
Tipo de título (Ingeniero Agroindustrial) --
Nombre de la institución que otorga el título UACh. Departamento de Ingeniería Agroindustrial,
Año de obtención del título 2019
504 ## - NOTA DE BIBLIOGRAFÍA, ETC.
Nota de bibliografía, etc. Bibliografía: hojas 93-96
520 3# - SUMARIO, ETC.
Sumario, etc. México es el principal productor de café orgánico a nivel internacional, la mayoría de esta producción se concentra en el estado de Chiapas en las regiones (Sierra, Los Altos y Soconusco). Desde el 2003, el café chiapaneco ha sido reconocido a nivel internacional obteniendo la Denominación de Origen (DO) y en 2007 su Norma Oficial Mexicana. Sin embargo, los productores enfrentan problemas relacionados con la producción, comercialización y bajos precios. Esta investigación tiene por objetivo analizar el impacto de la DO en la cadena Agroalimentaria del café de Chiapas y la percepción del consumidor en la misma. Se entrevistó a los actores de la Red de valor para analizar las características socioeconómicas y de innovación de los productores y agroindustrias. Se analizaron las características y requisitos de los clientes. Con la aplicación del Benchmarking se comparó con los competidores y mediante entrevistas se estudió el aporte de los complementadores. Los resultados obtenidos sugieren que los productores adoptan pocas innovaciones (37 %). Los productores que más utilidad generan son los que adoptan innovaciones correspondientes a la organización y sanidad. De igual forma se observó que las agroindustrias con mayor índice de innovación en el proceso, administración y además realizan beneficio húmedo y seco obtienen mayor utilidad. <br/>Se encontró que el 86 % de los consumidores presentaron una disposición a pagar (DAP) positiva para un café con Denominación de Origen y que los atributos del café se valoran de manera individual y no en conjunto. Así mismo, se observó que la región geográfica de los consumidores tiene influencia en conceptualización del café. <br/>La Denominación de Origen no es aprovechada por ningún actor de la Red de valor debido a problemas de difusión de información y descontinuación de la distinción por parte del consejo regulador de la calidad del Café Chiapas.<br/>
520 3# - SUMARIO, ETC.
Sumario, etc. Mexico is the main producer of organic coffee internationally, the majority of this production is concentrated in the state of Chiapas in the regions (Sierra, Los Altos and Soconusco). Since 2003, coffee from Chiapas has been recognized internationally obtaining the Apellation of Origin (AO) and in 2007 its Official Mexican Standard.<br/>Nevertheless, producers face problems related to production, marketing, and low prices. This research aims to analyze the impact of the AO on Chiapas coffee agrifood chain and consumer's perception of it. Actors of Value Network were interviewed to analyze the socio-economic and innovation characteristics of producers and agribusinesses. Characteristics and requirements of the clients were analyzed. With Benchmarking method, competitors were compared and contributions of complements were studied through interviews. Results obtained suggest that producers adopt few innovations (37%). Producers that generate more utility are those that adopt innovations corresponding to organization and quality. Similarly, it was observed that agribusinesses with a higher index of innovation in the process, administration and also perform wet and dry process obtain greater utility. <br/>It was found that 86 % of consumers presented a positive willingness to pay (WTP) in coffee with apellation of origin and coffee attributes are valued individually and not as a whole. In the same way, it was observed that geographic region of consumers has influence on the conceptualization of coffee. <br/>The Apellation of Origin is not taken advantage of by any actor of Value Network due to problems of dissemination of information and discontinuation of distinction by Café Chiapas quality regulatory council.
650 13 - PUNTO DE ACCESO ADICIONAL DE MATERIA--TÉRMINO DE MATERIA
Término de materia o nombre geográfico como elemento de entrada Café
Subdivisión general Denominación de origen protegida
Subdivisión geográfica México
-- Chiapas
Fuente del encabezamiento o término atg
650 13 - PUNTO DE ACCESO ADICIONAL DE MATERIA--TÉRMINO DE MATERIA
Término de materia o nombre geográfico como elemento de entrada Café
Subdivisión general Cadena de suministro
Fuente del encabezamiento o término atg
650 13 - PUNTO DE ACCESO ADICIONAL DE MATERIA--TÉRMINO DE MATERIA
Término de materia o nombre geográfico como elemento de entrada Café
Subdivisión general Valor de mercado
Fuente del encabezamiento o término atg
650 13 - PUNTO DE ACCESO ADICIONAL DE MATERIA--TÉRMINO DE MATERIA
Término de materia o nombre geográfico como elemento de entrada Denominación de origen protegida
Subdivisión general Actitudes del consumidor
Fuente del encabezamiento o término atg
650 13 - PUNTO DE ACCESO ADICIONAL DE MATERIA--TÉRMINO DE MATERIA
Término de materia o nombre geográfico como elemento de entrada Denominación de origen protegida
Subdivisión general La opinión pública
Fuente del encabezamiento o término atg
650 13 - PUNTO DE ACCESO ADICIONAL DE MATERIA--TÉRMINO DE MATERIA
Término de materia o nombre geográfico como elemento de entrada Denominación de origen protegida
Subdivisión general Entrevistas
Fuente del encabezamiento o término atg
650 13 - PUNTO DE ACCESO ADICIONAL DE MATERIA--TÉRMINO DE MATERIA
Término de materia o nombre geográfico como elemento de entrada Adopción de innovaciones
Subdivisión general Productores
Fuente del encabezamiento o término atg
650 13 - PUNTO DE ACCESO ADICIONAL DE MATERIA--TÉRMINO DE MATERIA
Término de materia o nombre geográfico como elemento de entrada Coffee
Subdivisión general Protected designation of origin
Subdivisión geográfica Mexico
-- Chiapas
Fuente del encabezamiento o término atg
650 13 - PUNTO DE ACCESO ADICIONAL DE MATERIA--TÉRMINO DE MATERIA
Término de materia o nombre geográfico como elemento de entrada Coffee
Subdivisión general Supply chain
Fuente del encabezamiento o término atg
650 13 - PUNTO DE ACCESO ADICIONAL DE MATERIA--TÉRMINO DE MATERIA
Término de materia o nombre geográfico como elemento de entrada Coffee
Subdivisión general Market value
Fuente del encabezamiento o término atg
650 13 - PUNTO DE ACCESO ADICIONAL DE MATERIA--TÉRMINO DE MATERIA
Término de materia o nombre geográfico como elemento de entrada Protected designation of origin
Subdivisión general Public opinion
Fuente del encabezamiento o término atg
650 13 - PUNTO DE ACCESO ADICIONAL DE MATERIA--TÉRMINO DE MATERIA
Término de materia o nombre geográfico como elemento de entrada Protected designation of origin
Subdivisión general Consumer attitudes
Fuente del encabezamiento o término atg
700 1# - PUNTO DE ACCESO ADICIONAL--NOMBRE DE PERSONA
Nombre de persona Espejel García, Anastacio
Término indicativo de función/relación director
700 1# - PUNTO DE ACCESO ADICIONAL--NOMBRE DE PERSONA
Nombre de persona Barrera Rodríguez, Ariadna Isabel
Término indicativo de función/relación asesor
700 1# - PUNTO DE ACCESO ADICIONAL--NOMBRE DE PERSONA
Nombre de persona Ramírez Sepúlveda, Marco Favio
Término indicativo de función/relación asesor
856 41 - LOCALIZACIÓN Y ACCESO ELECTRÓNICOS
Identificador Uniforme del Recurso <a href="http://10.13.5.2/tesis/tl/Rodiguez_Perez_Alvin_Alejandro.pdf">http://10.13.5.2/tesis/tl/Rodiguez_Perez_Alvin_Alejandro.pdf</a>
Texto de enlace DESCARGAR PDF
942 ## - ELEMENTOS DE PUNTO DE ACCESO ADICIONAL (KOHA)
Fuente del sistema de clasificación o colocación Clasificación Universidad Autónoma Chapingo
Tipo de ítem Koha TESIS
Holdings
Estado de retiro Estado de pérdida Fuente del sistema de clasificación o colocación Estado dañado Restricciones de uso No para préstamo Código de colección Localización permanente Ubicación/localización actual Fecha de adquisición Fuente de adquisición Total de préstamos Signatura topográfica completa Código de barras Fecha visto por última vez Número de copia Tipo de ítem Koha Ubicación en estantería Precio válido a partir de
    Clasificación Universidad Autónoma de Chapingo   Préstamo interno   Tesis digitales de Licenciatura Biblioteca Digital Biblioteca Digital 30/08/2024     Tesis digital   30/08/2024   Tesis digital En línea 30/08/2024
    Clasificación Universidad Autónoma de Chapingo   Préstamo interno   Tesis Ingenieria Agroindustrial Ingenieria Agroindustrial 06/09/2022 El autor   Tesis R637 2019 1101013631 02/02/2026 Ej. 1 Tesis    
    Clasificación Universidad Autónoma de Chapingo   Préstamo interno   Tesis Ingenieria Agroindustrial Ingenieria Agroindustrial 06/09/2022 El autor   Tesis R637 2019 1101013632 06/09/2022 Ej. 2 CD    
    Clasificación Universidad Autónoma de Chapingo       Tesis digitales de Licenciatura Ingenieria Agroindustrial Ingenieria Agroindustrial 06/02/2024 El autor     1201013631 06/02/2024   Tesis digital En línea 06/02/2024